| 000 | 00867nam a22002657a 4500 | ||
|---|---|---|---|
| 003 | OSt | ||
| 005 | 20260430110515.0 | ||
| 008 | 260430b |||||||| |||| 00| 0 eng d | ||
| 020 | _a978-93-49531-14-7 | ||
| 037 | _cReference | ||
| 040 |
_aFEDL _beng _cFEDL |
||
| 041 |
_ahin _hhin |
||
| 082 | _a181.4 SHA/RR | ||
| 100 |
_aSharma, Raj Kishore, Ed. _91235179 |
||
| 245 |
_aTatva se brahmmand tak: _bBharat ka vaigyanic drashtikon [Hindi]/ _cedited by Raj Kishore Sharma; Jitender Kumar. |
||
| 260 |
_aNew Delhi _bKitabwale _c2025 |
||
| 300 | _a116p. | ||
| 365 |
_aINR _b350.00 |
||
| 490 | _vKhand- 2 | ||
| 650 |
_aPHILOSOPHY OF INDIA _91234613 |
||
| 650 |
_a ANCIENT BHARATIYA SCIENTIFIC THOUGHT _91236079 |
||
| 700 |
_aJitender Kumar, Ed. _91235213 |
||
| 942 |
_2ddc _cREF _h181.4 SHA/RR _n0 |
||
| 999 |
_c1848653 _d1848653 |
||